Language Quiz

Random Language or Letter Quiz

Begins and Ends with 'N' Quiz Stats

 Plays Quiz Updated Nov 30, 2017

Score 0/20 Timer 04:00
0 Plays Today
Hint N...N % Correct
Middle of the dayNoon
97.2%
A person, place, thing, or ideaNoun
92.5%
Element that is 4/5 of Earth's atmosphereNitrogen
91.1%
Particle which has no chargeNeutron
89.9%
A female member of a religious order bound by vowsNun
89.6%
Japanese car maker of the AltimaNissan
89.2%
Baby under one month of ageNewborn
88.6%
37th President of the US (Last Name)Nixon
82.7%
The act of directing the course of a shipNavigation
79.6%
SpongeBob's TV channel (US)Nickelodeon
79.5%
Hint N...N % Correct
2nd installment of the 'Twilight' seriesNew Moon
79%
Element with the atomic number 10Neon
78%
19th Century French leader who may or may not have voted for PedroNapoleon
72.6%
The science of nourishment or being nourishedNutrition
71.8%
The language of OsloNorwegian
66.6%
Actress from 'Moulin Rouge!' and 'The Hours'Nicole Kidman
62.1%
Precedes lights, exposure or IrelandNorthern
59.6%
The SI unit of forceNewton
59%
U.S. rating system used to gauge TV viewing habitsNielsen
39.8%
Bobby Brown's former R&B groupNew Edition
18.8%

You're not logged in!

Compare scores with friends on all Sporcle quizzes.
OR
Log In

Sporcle TV

Today on Sporcle TV


Watch our educational content, quiz creation guides, and fun videos on Sporcle TV.

Show Comments

Extras

Top Quizzes Today


Score Distribution

Your Account Isn't Verified!

In order to create a playlist on Sporcle, you need to verify the email address you used during registration. Go to your Sporcle Settings to finish the process.

Report this User

Report this user for behavior that violates our Community Guidelines.

Details: